The Whole World Is Watching (Record no. 333552)
[ view plain ]
| 000 -LEADER | |
|---|---|
| fixed length control field | 00509nam a2200097Ia 4500 |
| 008 - FIXED-LENGTH DATA ELEMENTS--GENERAL INFORMATION | |
| fixed length control field | 170517s9999 xx 000 0 und d |
| 245 #4 - TITLE STATEMENT | |
| Title | The Whole World Is Watching |
| 300 ## - PHYSICAL DESCRIPTION | |
| Extent | If George Holliday, a 31-year-old plumbing contractor living in Lake View Terrace, Los Angeles, had not taken his camera outside to capture one footage, the beating of Rodney King, one of the most remembered human-rights atrocities of the 20th... |
| 650 ## - SUBJECT ADDED ENTRY--TOPICAL TERM | |
| General subdivision | Media. |
| 856 ## - ELECTRONIC LOCATION AND ACCESS | |
| Uniform Resource Identifier | <a href="http://topdocumentaryfilms.com/whole-world-watching/">http://topdocumentaryfilms.com/whole-world-watching/</a> |
| Withdrawn status | Lost status | Damaged status | Home library | Current library | Date acquired | Total Checkouts | Date last seen | Price effective from | Koha item type |
|---|---|---|---|---|---|---|---|---|---|
| College Library | College Library | 05/17/2017 | 05/17/2017 | 05/17/2017 | Documentary Films |